| 000 | 00475nam a22001337a 4500 | ||
|---|---|---|---|
| 008 | 240123b |||||||| |||| 00| 0 eng d | ||
| 020 | _a9780071198592 | ||
| 050 | _aTA 330 Mil | ||
| 100 |
_92006 _aMilton, J. Susan |
||
| 245 |
_aIntroduction to probability and statistics : principles and applications for engineering and the computing sciences _c/ by J. Susan Milton and Jesse C. Arnold |
||
| 250 | _aFourth edition | ||
| 260 |
_aBoston : _bMcGraw-Hill, _c2003 |
||
| 942 | _2lcc | ||
| 999 |
_c84216 _d84216 |
||